Coupe du monde de biathlon 2024-2025 - Statistiques

Statistiques générales
  • Ce quiz a été pris 62 fois
  • Le résultat moyen est 320 sur 492
Statistiques - réponses
Étapes Épreuves Rang Pays Biathlète % Correct
2 Norvège Johannes Bø
98%
5 Norvège Johannes Bø
98%
2e étape : Hochfilzen Sprint 10km 1 Norvège Johannes Bø
98%
Poursuite 12,5km 1 Norvège Johannes Bø
98%
2 Norvège Johannes Bø
98%
Poursuite 12,5km 1 Norvège Johannes Bø
98%
3 Norvège Johannes Bø
98%
3 Norvège Johannes Bø
98%
3 Norvège Johannes Bø
98%
6 Norvège Johannes Bø
98%
Championnats du monde : Lenzerheide Sprint 10km 1 Norvège Johannes Bø
98%
Poursuite 12,5km 1 Norvège Johannes Bø
98%
3 Norvège Johannes Bø
98%
3 Norvège Johannes Bø
98%
3 Norvège Johannes Bø
98%
9e étape : Oslo Sprint 10km 1 Norvège Johannes Bø
98%
2 Norvège Johannes Bø
98%
Johannes Bø
98%
Johannes Bø
98%
Johannes Bø
98%
Johannes Bø
98%
Johannes Bø
98%
Johannes Bø
98%
Mass start 15km 1 Norvège Tarjei Bø
98%
2 Norvège Tarjei Bø
98%
6e étape : Antholz-Anterselva Sprint 10km 1 Norvège Tarjei Bø
98%
2 Norvège Tarjei Bø
98%
Tarjei Bø
98%
Tarjei Bø
98%
Tarjei Bø
98%
Tarjei Bø
98%
Tarjei Bø
98%
Tarjei Bø
98%
Sprint 10km 1 France Émilien Jacquelin
92%
2 France Émilien Jacquelin
92%
3 France Émilien Jacquelin
92%
3 France Émilien Jacquelin
92%
7e étape : Nove Mesto Sprint 10km 1 France Émilien Jacquelin
92%
Émilien Jacquelin
92%
Émilien Jacquelin
92%
Émilien Jacquelin
92%
Émilien Jacquelin
92%
Émilien Jacquelin
92%
Émilien Jacquelin
92%
6 France Éric Perrot
92%
Mass start 15km 1 France Éric Perrot
92%
2 France Éric Perrot
92%
5 France Éric Perrot
92%
3 France Éric Perrot
92%
Individuel 20km 1 France Éric Perrot
92%
4 France Éric Perrot
92%
Mass start 15km 1 France Éric Perrot
92%
2 France Éric Perrot
92%
Éric Perrot
92%
Éric Perrot
92%
Éric Perrot
92%
Éric Perrot
92%
Éric Perrot
92%
Éric Perrot
92%
Éric Perrot
92%
Éric Perrot
92%
5 France Quentin Fillon Maillet
90%
2 France Quentin Fillon Maillet
90%
4e étape : Oberhof Sprint 10km 1 France Quentin Fillon Maillet
90%
4 France Quentin Fillon Maillet
90%
6 France Quentin Fillon Maillet
90%
3 France Quentin Fillon Maillet
90%
3 France Quentin Fillon Maillet
90%
4 France Quentin Fillon Maillet
90%
6 France Quentin Fillon Maillet
90%
2 France Quentin Fillon Maillet
90%
3 France Quentin Fillon Maillet
90%
5 France Quentin Fillon Maillet
90%
Quentin Fillon Maillet
90%
Quentin Fillon Maillet
90%
Quentin Fillon Maillet
90%
Quentin Fillon Maillet
90%
Quentin Fillon Maillet
90%
Quentin Fillon Maillet
90%
Quentin Fillon Maillet
90%
Quentin Fillon Maillet
90%
Quentin Fillon Maillet
90%
Quentin Fillon Maillet
90%
3 France Fabien Claude
88%
2 France Fabien Claude
88%
4 France Fabien Claude
88%
1e étape : Kontiolahti Relais masculin 4*7,5km 1 France Fabien Claude
88%
2e étape : Hochfilzen Relais masculin 4*7,5km 1 France Fabien Claude
88%
Fabien Claude
88%
6e étape : Antholz-Anterselva Relais masculin 4*7,5km 1 France Fabien Claude
88%
Fabien Claude
88%
Fabien Claude
88%
2 France Fabien Claude
88%
3 Norvège Sturla Holm Laegreid
88%
3 Norvège Sturla Holm Laegreid
88%
2 Norvège Sturla Holm Laegreid
88%
3 Norvège Sturla Holm Laegreid
88%
5 Norvège Sturla Holm Laegreid
88%
6 Norvège Sturla Holm Laegreid
88%
4 Norvège Sturla Holm Laegreid
88%
Poursuite 12,5km 1 Norvège Sturla Holm Laegreid
88%
2 Norvège Sturla Holm Laegreid
88%
2 Norvège Sturla Holm Laegreid
88%
Poursuite 12,5km 1 Norvège Sturla Holm Laegreid
88%
2 Norvège Sturla Holm Laegreid
88%
5 Norvège Sturla Holm Laegreid
88%
2 Norvège Sturla Holm Laegreid
88%
3 Norvège Sturla Holm Laegreid
88%
2 Norvège Sturla Holm Laegreid
88%
Poursuite 12,5km 1 Norvège Sturla Holm Laegreid
88%
4 Norvège Sturla Holm Laegreid
88%
2 Norvège Sturla Holm Laegreid
88%
2 Norvège Sturla Holm Laegreid
88%
2 Norvège Sturla Holm Laegreid
88%
Sturla Holm Laegreid
88%
Sturla Holm Laegreid
88%
3 Norvège Sturla Holm Laegreid
88%
2 France Émilien Claude
86%
5e étape : Ruhpolding Relais masculin 4*7,5km 1 France Émilien Claude
86%
2 France Émilien Claude
86%
7e étape : Nove Mesto Relais masculin 4*7,5km 1 France Émilien Claude
86%
2 Suède Sebastian Samuelsson
86%
6 Suède Sebastian Samuelsson
86%
4 Suède Sebastian Samuelsson
86%
3 Suède Sebastian Samuelsson
86%
5 Suède Sebastian Samuelsson
86%
6 Suède Sebastian Samuelsson
86%
4 Suède Sebastian Samuelsson
86%
Poursuite 12,5km 1 Suède Sebastian Samuelsson
86%
Mass start 15km 1 Suède Sebastian Samuelsson
86%
Sebastian Samuelsson
86%
Sebastian Samuelsson
86%
Sebastian Samuelsson
86%
Sebastian Samuelsson
86%
Sebastian Samuelsson
86%
4e étape : Oberhof Relais mixte 2 × 6 km F + 2 × 6 km H 1 Suède Sebastian Samuelsson
86%
Sebastian Samuelsson
86%
3 Suède Martin Ponsiluoma
84%
Martin Ponsiluoma
84%
Martin Ponsiluoma
84%
Martin Ponsiluoma
84%
Martin Ponsiluoma
84%
Martin Ponsiluoma
84%
Martin Ponsiluoma
84%
Martin Ponsiluoma
84%
2 France Julia Simon
80%
6 France Julia Simon
80%
2 France Julia Simon
80%
6 France Julia Simon
80%
5 France Julia Simon
80%
2 France Julia Simon
80%
Individuel 15km 1 France Julia Simon
80%
3 France Julia Simon
80%
Poursuite 10km 1 France Julia Simon
80%
8e étape : Pokjuka Individuel court 12,5km 1 France Julia Simon
80%
5 France Julia Simon
80%
Julia Simon
80%
2 France Julia Simon
80%
Julia Simon
80%
Julia Simon
80%
Julia Simon
80%
Julia Simon
80%
2 France Julia Simon
80%
Championnats du monde : Lenzerheide Relais mixte 2 × 6 km F + 2 × 6 km H 1 France Julia Simon
80%
Relais mixte simple 6+7,5km 1 France Julia Simon
80%
Mass start 15km 1 Italie Tommaso Giacomel
80%
3 Italie Tommaso Giacomel
80%
3 Italie Tommaso Giacomel
80%
2 Italie Tommaso Giacomel
80%
2 Italie Tommaso Giacomel
80%
2 Italie Tommaso Giacomel
80%
4 Italie Tommaso Giacomel
80%
6 Italie Tommaso Giacomel
80%
4 Italie Tommaso Giacomel
80%
3 Suède Elvira Oeberg
76%
2 Suède Elvira Oeberg
76%
Mass start 12,5km 1 Suède Elvira Oeberg
76%
6 Suède Elvira Oeberg
76%
3 Suède Elvira Oeberg
76%
Mass start 12,5km 1 Suède Elvira Oeberg
76%
2 Suède Elvira Oeberg
76%
Mass start 12,5km 1 Suède Elvira Oeberg
76%
2 Suède Elvira Oeberg
76%
2 Suède Elvira Oeberg
76%
Elvira Oeberg
76%
Elvira Oeberg
76%
Elvira Oeberg
76%
Elvira Oeberg
76%
Elvira Oeberg
76%
6 Suède Hanna Oeberg
76%
2 Suède Hanna Oeberg
76%
2 Suède Hanna Oeberg
76%
Hanna Oeberg
76%
Hanna Oeberg
76%
Hanna Oeberg
76%
Hanna Oeberg
76%
Hanna Oeberg
76%
4 États-Unis Campbell Wright
73%
2 États-Unis Campbell Wright
73%
2 États-Unis Campbell Wright
73%
5 Allemagne Franziska Preuss
73%
4 Allemagne Franziska Preuss
73%
3 Allemagne Franziska Preuss
73%
2e étape : Hochfilzen Sprint 7,5km 1 Allemagne Franziska Preuss
73%
3 Allemagne Franziska Preuss
73%
2 Allemagne Franziska Preuss
73%
Poursuite 10km 1 Allemagne Franziska Preuss
73%
2 Allemagne Franziska Preuss
73%
2 Allemagne Franziska Preuss
73%
2 Allemagne Franziska Preuss
73%
3 Allemagne Franziska Preuss
73%
3 Allemagne Franziska Preuss
73%
2 Allemagne Franziska Preuss
73%
Poursuite 10km 1 Allemagne Franziska Preuss
73%
3 Allemagne Franziska Preuss
73%
5 Allemagne Franziska Preuss
73%
9e étape : Oslo Sprint 7,5km 1 Allemagne Franziska Preuss
73%
5 Allemagne Franziska Preuss
73%
Mass start 12,5km 1 Allemagne Franziska Preuss
73%
Franziska Preuss
73%
Franziska Preuss
73%
Franziska Preuss
73%
3 Allemagne Franziska Preuss
73%
6 France Océane Michelon
73%
4 France Océane Michelon
73%
4 France Océane Michelon
73%
5 France Océane Michelon
73%
2 France Océane Michelon
73%
3 France Océane Michelon
73%
5 France Océane Michelon
73%
4 France Océane Michelon
73%
Océane Michelon
73%
Océane Michelon
73%
Océane Michelon
73%
Océane Michelon
73%
Océane Michelon
73%
6 Norvège Vetle Sjåstad Christiansen
73%
6 Norvège Vetle Sjåstad Christiansen
73%
Vetle Sjåstad Christiansen
73%
6 France Justine Braisaz-Bouchet
71%
3e étape : Le Grand Bornand Sprint 7,5km 1 France Justine Braisaz-Bouchet
71%
4 France Justine Braisaz-Bouchet
71%
Championnats du monde : Lenzerheide Sprint 7,5km 1 France Justine Braisaz-Bouchet
71%
3 France Justine Braisaz-Bouchet
71%
2 France Justine Braisaz-Bouchet
71%
6 France Justine Braisaz-Bouchet
71%
Justine Braisaz-Bouchet
71%
Justine Braisaz-Bouchet
71%
Justine Braisaz-Bouchet
71%
Justine Braisaz-Bouchet
71%
Justine Braisaz-Bouchet
71%
Justine Braisaz-Bouchet
71%
1e étape : Kontiolahti Individuel court 12,5 km 1 France Lou Jeanmonnot
69%
4 France Lou Jeanmonnot
69%
Poursuite 10km 1 France Lou Jeanmonnot
69%
Poursuite 10km 1 France Lou Jeanmonnot
69%
5e étape : Ruhpolding Individuel 15km 1 France Lou Jeanmonnot
69%
6e étape : Antholz-Anterselva Sprint 7,5km 1 France Lou Jeanmonnot
69%
Poursuite 10km 1 France Lou Jeanmonnot
69%
3 France Lou Jeanmonnot
69%
4 France Lou Jeanmonnot
69%
4 France Lou Jeanmonnot
69%
Mass start 12,5km 1 France Lou Jeanmonnot
69%
2 France Lou Jeanmonnot
69%
Poursuite 10km 1 France Lou Jeanmonnot
69%
3 France Lou Jeanmonnot
69%
2 France Lou Jeanmonnot
69%
Lou Jeanmonnot
69%
Lou Jeanmonnot
69%
Championnats du monde : Lenzerheide Relais féminin 4*6km 1 France Lou Jeanmonnot
69%
7e étape : Nove Mesto Relais féminin 4*6km 1 France Lou Jeanmonnot
69%
2 France Lou Jeanmonnot
69%
Lou Jeanmonnot
69%
Lou Jeanmonnot
69%
5 Norvège Martin Uldal
67%
3e étape : Le Grand Bornand Sprint 10km 1 Norvège Martin Uldal
67%
5 Norvège Martin Uldal
67%
5 Norvège Martin Uldal
67%
4 Norvège Martin Uldal
67%
4 Norvège Martin Uldal
67%
6 Norvège Martin Uldal
67%
2 Norvège Martin Uldal
67%
6 Italie Dorothea Wierer
65%
4 Italie Dorothea Wierer
65%
4 Italie Dorothea Wierer
65%
6 Italie Dorothea Wierer
65%
3 Allemagne Philipp Nawrath
65%
6 Allemagne Philipp Nawrath
65%
Philipp Nawrath
65%
3 Allemagne Philipp Nawrath
65%
Philipp Nawrath
65%
7e étape : Nove Mesto Sprint 7,5km 1 Norvège Ingrid Landmark Tandrevold
63%
Ingrid Landmark Tandrevold
63%
Ingrid Landmark Tandrevold
63%
Ingrid Landmark Tandrevold
63%
Ingrid Landmark Tandrevold
63%
Ingrid Landmark Tandrevold
63%
Ingrid Landmark Tandrevold
63%
3 Finlande Suvi Minkkinen
63%
5 Finlande Suvi Minkkinen
63%
5 Finlande Suvi Minkkinen
63%
5 Finlande Suvi Minkkinen
63%
3 Finlande Suvi Minkkinen
63%
3 Finlande Suvi Minkkinen
63%
Relais mixte simple 6+7,5km 1 Finlande Suvi Minkkinen
63%
3 Finlande Suvi Minkkinen
63%
6 Suède Anna Magnusson
61%
1e étape : Kontiolahti Relais féminin 4*6km 1 Suède Anna Magnusson
61%
3 Suède Anna Magnusson
61%
Anna Magnusson
61%
3 Suède Anna Magnusson
61%
3 Suède Anna Magnusson
61%
4 France Jeanne Richard
59%
4 France Jeanne Richard
59%
6 France Jeanne Richard
59%
3 France Jeanne Richard
59%
6 France Jeanne Richard
59%
4 France Jeanne Richard
59%
4 France Jeanne Richard
59%
3 France Jeanne Richard
59%
Jeanne Richard
59%
2 France Jeanne Richard
59%
5 Norvège Maren Kirkeeide
59%
2 Norvège Maren Kirkeeide
59%
2 Norvège Maren Kirkeeide
59%
3 Norvège Maren Kirkeeide
59%
Maren Kirkeeide
59%
Maren Kirkeeide
59%
Maren Kirkeeide
59%
Maren Kirkeeide
59%
Maren Kirkeeide
59%
Maren Kirkeeide
59%
3 Norvège Maren Kirkeeide
59%
4 Norvège Isak Frey
55%
5 Norvège Isak Frey
55%
Isak Frey
55%
4 Allemagne Vanessa Voigt
55%
2 Allemagne Vanessa Voigt
55%
6 Allemagne Vanessa Voigt
55%
3 Allemagne Vanessa Voigt
55%
2e étape : Hochfilzen Relais féminin 4*6km 1 Allemagne Vanessa Voigt
55%
3 Allemagne Vanessa Voigt
55%
6 Suède Jesper Nelin
53%
5 Suède Jesper Nelin
53%
Jesper Nelin
53%
Jesper Nelin
53%
Jesper Nelin
53%
Jesper Nelin
53%
Jesper Nelin
53%
6 Slovénie Jakov Fak
51%
5 Slovénie Jakov Fak
51%
8e étape : Pokjuka Individuel court 15km 1 Slovénie Jakov Fak
51%
6 Slovénie Jakov Fak
51%
Jasper Nelin
51%
4 Allemagne Philipp Horn
51%
Philipp Horn
51%
5 Norvège Karoline Knotten
49%
3 Norvège Karoline Knotten
49%
6 Norvège Karoline Knotten
49%
Karoline Knotten
49%
2 Norvège Karoline Knotten
49%
2 Norvège Karoline Knotten
49%
2 Norvège Karoline Knotten
49%
2 Norvège Karoline Knotten
49%
1e étape : Kontiolahti Relais mixte 2 × 6 km F + 2 × 6 km H 1 Norvège Karoline Knotten
49%
Oscar Lombardot
49%
3 Allemagne Justus Strelow
47%
Justus Strelow
47%
Justus Strelow
47%
Justus Strelow
47%
Justus Strelow
47%
2 France Sophie Chauveau
47%
Sophie Chauveau
47%
Sophie Chauveau
47%
3 Slovénie Anamarjia Lampic
45%
3 Slovénie Anamarjia Lampic
45%
6 Autriche Lisa Theresa Hauser
45%
5 Autriche Lisa Theresa Hauser
45%
Sprint 7,5km 1 République tchèque Marketa Davidova
45%
5 République tchèque Marketa Davidova
45%
4e étape : Oberhof Sprint 7,5km 1 France Paula Botet
43%
5 France Paula Botet
43%
3 France Paula Botet
43%
2 France Paula Botet
43%
6 Suisse Niklas Hartweg
41%
4 Suisse Niklas Hartweg
41%
6 Suisse Niklas Hartweg
41%
Niklas Hartweg
41%
3 Slovaquie Paulina Batovska Fialkova
41%
6 Slovaquie Paulina Batovska Fialkova
41%
6 Slovaquie Paulina Batovska Fialkova
41%
5 Allemagne Selina Grotian
41%
5 Allemagne Selina Grotian
41%
Mass start 12,5km 1 Allemagne Selina Grotian
41%
5 Allemagne Selina Grotian
41%
2 Allemagne Selina Grotian
41%
6 Allemagne Selina Grotian
41%
5 Allemagne Selina Grotian
41%
Selina Grotian
41%
Selina Grotian
41%
Selina Grotian
41%
3 Allemagne Selina Grotian
41%
3 Allemagne Selina Grotian
41%
Tereza Vobornikova
41%
3 Lettonie Andrejs Rastorgujevs
37%
5 Lettonie Andrejs Rastorgujevs
37%
Tero Seppälä
37%
Tero Seppälä
37%
3 Suède Viktor Brandt
37%
3 Suède Viktor Brandt
37%
2 Suède Viktor Brandt
37%
3 Suède Viktor Brandt
37%
4 Ukraine Vitalii Mandzyn
37%
Vitalii Mandzyn
37%
5 Norvège Johannes Dale-Skjevdal
35%
3 Norvège Johannes Dale-Skjevdal
35%
6 Norvège Johannes Dale-Skjevdal
35%
Johannes Dale-Skjevdal
35%
Johannes Dale-Skjevdal
35%
3 Suisse Lena Haecki-Gross
35%
3 Bulgarie Milena Todorova
35%
2 Bulgarie Milena Todorova
35%
1e étape : Kontiolahti Individuel court 15 km 1 Norvège Endre Stromsheim
33%
4 Norvège Endre Stromsheim
33%
Mass start 15km 1 Norvège Endre Stromsheim
33%
5 Norvège Endre Stromsheim
33%
3 Norvège Endre Stromsheim
33%
Endre Stromsheim
33%
Championnats du monde : Lenzerheide Relais masculin 4*7,5km 1 Norvège Endre Stromsheim
33%
Michal Krcmar
33%
6 Ukraine Dmytro Pidruchnyi
31%
Dmytro Pidruchnyi
31%
2 Suède Ella Halvarsson
31%
4 Suède Ella Halvarsson
31%
2 Suède Ella Halvarsson
31%
Ella Halvarsson
31%
Ella Halvarsson
31%
Ella Halvarsson
31%
Relais mixte simple 6+7,5km 1 Suède Ella Halvarsson
31%
6 Allemagne Julia Tannheimer
31%
5 Allemagne Julia Tannheimer
31%
Julia Tannheimer
31%
Julia Tannheimer
31%
3 Norvège Juni Arnekleiv
31%
Juni Arnekleiv
31%
Relais mixte simple 6+7,5km 1 Suisse Aita Gasparin
29%
5 République tchèque Vitezslav Hornig
27%
Vitezslav Hornig
27%
3 Suisse Amy Baserga
24%
6 Suisse Amy Baserga
24%
4 Allemagne Danilo Riethmüller
24%
2 Allemagne Danilo Riethmüller
24%
Danilo Riethmüller
24%
Danilo Riethmüller
24%
5 Norvège Vebjørn Sørum
24%
5 Norvège Vebjørn Sørum
24%
6 Norvège Vebjørn Sørum
24%
4 Norvège Vebjørn Sørum
24%
6 Norvège Vebjørn Sørum
24%
5e étape : Ruhpolding Individuel 20km 1 Norvège Vebjørn Sørum
24%
5 Norvège Vebjørn Sørum
24%
Vebjørn Sørum
24%
Vebjørn Sørum
24%
Johannes Kuehn
18%
Johannes Kuehn
18%
Anton Dudchenko
16%
4 Ukraine Dmytro Pidruchnyi
16%
5 Ukraine Dmytro Pidruchnyi
16%
4 Norvège Ida Lien
16%
4 Norvège Ida Lien
16%
Ida Lien
16%
Raghnhild Femsteinevik
16%
Raghnhild Femsteinevik
16%
Raghnhild Femsteinevik
16%
Raghnhild Femsteinevik
16%
2 Norvège Raghnhild Femsteinevik
16%
Sara Andersson
16%
Sophia Schneider
16%
Sophia Schneider
16%
6 Autriche Anna Gandler
14%
3 Allemagne Johanna Puff
12%
5 Suède Johanna Skottheim
12%
6e étape : Antholz-Anterselva Relais féminin 4*6km 1 Suède Johanna Skottheim
12%
2 Suède Johanna Skottheim
12%
3 Ukraine Artem Tyshchenko
10%
2 République tchèque Jessica Jislova
10%
4 Pologne Natalia Sidorowicz
10%
5e étape : Ruhpolding Relais féminin 4*6km 1 Allemagne Stefanie Scherer
10%
4 Ukraine Yuliia Dzhima
10%
4 Suède Anna-Karin Heidjenberg
2%
Anna-Karin Heidjenberg
2%
8e étape : Pokjuka Relais mixte 2 × 6 km F + 2 × 6 km H 1 Suède Anna-Karin Heidjenberg
2%
Aucun quiz correspondant
Distribution des résultats
% des personnes avec chaque résultat
Percentile par nombre de réponses
Votre historique - résultats
Vous n’avez pas pris ce quiz